Guess the Hamilton Song #22 - Statistics

General Stats
  • This quiz has been taken 1,227 times
  • The average score is 222 of 416
Answer Stats
Lyric % Correct
a
98%
I
97%
you
90%
You
90%
you,
90%
the
87%
The
87%
(The
87%
and
83%
And
83%
your
82%
Who
78%
who
78%
me
75%
tell
75%
He
73%
he
73%
no
73%
was
73%
When
73%
when
73%
is
72%
story?
72%
story
72%
story)
72%
story?)
72%
to
72%
it
71%
live
71%
of
71%
of?
71%
do
70%
what
70%
my
69%
tells
69%
dies,
68%
have
68%
Have
68%
in
68%
In
68%
lives.
68%
lives,
68%
know
63%
on
61%
we
61%
time
58%
(Time)
58%
(Eliza)
57%
if
56%
Let
56%
they
55%
(She
54%
She
54%
she
54%
you're
53%
Alexander
52%
young
52%
his
51%
so
51%
control
50%
I'd
50%
wish
50%
enough
49%
enough?
49%
for
48%
glory
48%
I'm
47%
not
46%
our
46%
dreamed
45%
It's
44%
Every
43%
every
43%
Will
43%
(Will
43%
can
42%
get
39%
this,
39%
could
38%
Angelica
37%
Orphanage)
36%
orphanage
36%
see
36%
Washington
36%
done
35%
her
35%
him
35%
try
35%
Jefferson
34%
up,
33%
up
33%
give
32%
by
31%
grow
31%
out
31%
us
31%
I'll
30%
myself
30%
myself,
30%
President
30%
had
29%
back
28%
But
27%
New
27%
their
27%
tried
27%
Madison
26%
York
26%
50
25%
can't
25%
from
25%
more
25%
put
25%
told
25%
work
25%
years
25%
another
24%
couldn't
24%
raise
24%
write
24%
again
23%
all
23%
City
23%
father
23%
first
23%
Monument
23%
narrative
23%
side
23%
would
23%
eyes
22%
founding
22%
like
22%
other
22%
them
22%
undo
22%
credit
21%
financial
21%
old
21%
only
21%
private
21%
fought
20%
genius
20%
gets
20%
name?
20%
running
20%
soldier
20%
wait
20%
gave
19%
help
19%
interview
19%
really
19%
stop
19%
doesn't
18%
father's
18%
Oh,
18%
right
18%
children
17%
gone,
17%
proudest
17%
Church
16%
country
16%
D.C.
16%
funds
16%
make
16%
remembers
16%
slavery
16%
system
16%
tears
16%
wasting
16%
buried
15%
most,
15%
near
15%
took
15%
Trinity
15%
alive,
14%
ask
14%
established
14%
flame?
14%
hate
14%
keeps
14%
needed
14%
she's
14%
show
14%
speak
14%
thousands
14%
against
13%
always
13%
prosperity
13%
admit
12%
gives
12%
growing
12%
hundreds
12%
Lord,
12%
matter
12%
pages
12%
rely
12%
sense
12%
wanted
12%
bankruptcy
11%
much
11%
While
11%
kindness
10%
still
10%
through
9%
writings
8%
No matching quizzes found
Score Distribution
Percent of People with Each Score
Percentile by Number Answered
Your Score History
You have not taken this quiz